Schools of tomorrow-today : a report on educational experiments.

Furkejuvvon:
Bibliográfalaš dieđut
Váldodahkki: Morse, Arthur D. (autor)
Materiálatiipa: Girji
Giella:eaŋgalasgiella
Fáttát:
Fáddágilkorat: Lasit fáddágilkoriid
Eai fáddágilkorat, Lasit vuosttaš fáddágilkora!

MARC

LEADER 00000cam^a2200000uu^4500
001 000470756
005 20250521000000.0
008 050901s1960^^^^^^^^^^^^rd^r^^000^0^eng^d
009 20260310124608.531
035 |a FCE 000013544 
035 |a FCE 002222 
037 |a Acervo ITESO - Biblioteca 
041 |a eng 
082 0 4 |a 373.2  |b M449s 
100 |a Morse, Arthur D.  |e (autor) 
245 1 0 |a Schools of tomorrow-today :  |b a report on educational experiments. 
264 |a New York :  |b Doubleday & Co.,  |c 1960. 
300 |a 191 p. 
336 |a texto  |b txt  |2 rdacontenido 
337 |a sin mediación  |b n  |2 rdamedio 
338 |a volumen  |b nc  |2 rdasoporte 
649 |a XX 
650 |a Tecnología educativa 
650 |a Experiencia educativa 
650 |a Método experimental 
910 |a Fondo Centro de Estudios Educativos 
920 |a Impresos - Libros 
930 |a Fondos Especiales 
905 |a 133 
901 |a ALE002222  |b IT2  |c CEE  |u 20250521 
902 |a https://opac.biblio.iteso.mx/vufind/Record/000470756